000 00404nam a2200157Ia 4500
008 210210b1998 xxu||||| |||| 00| 0 eng d
020 _a81 86314 81 4
082 _a331.8 BALT
100 _aBALASUBRAMANIAN (A).
245 _aTrade union movement.
260 _aMumbai
_bEverest Publishing House.
_c1998
300 _ax,195
650 _aTrade unions
690 _aLabour Economics
906 _a054027
999 _c101953
_d101953